000 00400nam a2200157 i 4500
001 bg
100 1 _aKLIMECKI, Zbigniew
245 0 _aJeżdżę samochodem Polski Fiat 126 P /
_cZbigniew Klimecki, Roman Podolak.
250 _aWyd.5 uaktual.
260 _aWarszawa,
_c1978.
700 1 _aPODOLAK, Roman
040 _cBPK
041 _apol
942 _cKS
008 s pl f |000 0 pol
999 _c806
_d806
856 _uhttp://koha.tu.koszalin.pl/cgi-bin/koha/opac-detail.pl?biblionumber=806
_yKatalog online BPK